Les noms de pays ne contenant pas de E - Statistiques

Statistiques générales
  • Ce quiz a été pris 4 910 fois
    3 624 depuis la dernière actualisation
  • Le résultat moyen est 44 sur 59
Statistiques - réponses
Réponse % Correct
Canada
90%
Japon
90%
Maroc
89%
Portugal
89%
Vatican
85%
Chili
84%
Irak
84%
Iran
84%
Kosovo
82%
Monaco
82%
Togo
81%
Uruguay
81%
Cuba
79%
Laos
79%
Mali
79%
Paraguay
79%
Qatar
79%
Kazakhstan
78%
Pakistan
78%
Pays-Bas
78%
Soudan
78%
Afghanistan
77%
Fidji
77%
Angola
76%
Oman
76%
Panama
75%
Ghana
74%
Liban
74%
Rwanda
74%
Soudan du Sud
74%
Haïti
73%
Honduras
73%
Costa Rica
72%
Madagascar
72%
Nicaragua
72%
Tadjikistan
72%
Bhoutan
71%
Gabon
71%
Guyana
71%
Saint-Marin
71%
Tchad
71%
Tuvalu
71%
Vanuatu
71%
Kirghizistan
70%
Tonga
70%
Djibouti
69%
Ouganda
68%
Samoa
67%
Botswana
66%
Burkina Faso
66%
Burundi
66%
Sri Lanka
66%
Bahamas
65%
Malawi
65%
Nauru
65%
Palaos
65%
Taiwan
65%
Kiribati
64%
Singapour
62%
Aucun quiz correspondant
Distribution des résultats
% des personnes avec chaque résultat
Percentile par nombre de réponses
Votre historique - résultats
Vous n’avez pas pris ce quiz depuis la dernière actualisation